| 000 | 00521nam a2200145 a 4500 | ||
|---|---|---|---|
| 001 | 000033393 | ||
| 005 | 20200930070228.0 | ||
| 008 | 110825s1916 dr 000 0 spa d | ||
| 040 |
_aDO-SdBNP _bspa _cBNPHU |
||
| 110 | 1 |
_aLa Academia Colombiana _958963 |
|
| 245 | 1 | 0 | _aMemorial de protesta contra la arbitraria ocupación militar de la República Dominicana por tropas de los Estados Unidos de Norte América 1916. |
| 260 |
_aSanto Domingo : _bImp. El Listín Diario, _c1916. |
||
| 300 |
_a22 p. ; _c26 cm. |
||
| 049 | _aBNPD | ||
| 999 |
_c32884 _d32884 |
||